Le MotoGP en Espagne - Statistiques

Statistiques générales
  • Ce quiz a été pris 3 fois
  • Le résultat moyen est 30 sur 49
Statistiques - réponses
Hint Réponse % Correct
Aprilia Racing (2023) Flag_of_Spain.svg Aleix Espargaró
100%
BK8 Gresini Racing MotoGP (2x 2025, 2026) Flag_of_Spain.svg Álex Márquez
100%
Team Suzuki Ecstar (2020, 2022) Flag_of_Spain.svg Álex Rins
100%
Ducati Team (2017, 2018) Flag_of_Italy.svg Andrea Dovizioso
100%
Ducati Marlboro Team (2007, 2008) Ducati Team (2010) Repsol Honda Team (3x 2011, 2012) Flag_of_Australia.svg Casey Stoner
100%
Repsol Honda Team (2007, 2x 2008, 2009, 2x 2012, 2013, 2x 2017) Flag_of_Spain.svg Dani Pedrosa
100%
Gresini Racing MotoGP (2022) Flag_of_Italy.svg Enea Bastianini
100%
Pertamina Enduro VR46 Racing Team (2026) Flag_of_Italy.svg Fabio Di Giannantonio
100%
Petronas Yamaha SRT (3x 2020) Monster Energy Yamaha MotoGP (2022) Flag_of_France.svg Fabio Quartararo
100%
Ducati Lenovo Team (2x 2021, 2022, 2x 2023, 3x 2024) Flag_of_Italy.svg Francesco Bagnaia
100%
Petronas Yamaha SRT (2x 2020) Flag_of_Italy.svg Franco Morbidelli
100%
MV Agusta (1968, 1969) Flag_of_Italy.svg Giacomo Agostini
100%
Ducati Lenovo Team (2021) Flag_of_Australia.svg Jack Miller
100%
Team Suzuki Ecstar (2020) Flag_of_Spain.svg Joan Mir
100%
Fiat Yamaha Team (3x 2010) Yamaha Factory Racing (2011, 2012, 2x 2013) Movistar Yamaha MotoGP (2014, 4x 2015, 2016) Ducati Team (2018) Flag_of_Spain.svg Jorge Lorenzo
100%
Ducati Marlboro Team (2003, 2006) Flag_of_Italy.svg Loris Capirossi
100%
Repsol Honda Team (2013, 3x 2014, 2016, 2017, 2x 2018, 4x 2019) Gresini Racing MotoGP (2024) Ducati Lenovo Team (2025) Flag_of_Spain.svg Marc Márquez
100%
Aprilia Racing (2025) Flag_of_Italy.svg Marco Bezzecchi
100%
Red Bull KTM Factory Racing (2021) Flag_of_Portugal.svg Miguel Oliveira
100%
Nastro Azzurro Honda (2x 2001) Repsol Honda Team (2x 2002) | Repsol Honda (2x 2003) Gauloises Fortuna Yamaha (2x 2004) | Gauloises Yamaha Team (2x 2005) Camel Yamaha Team (2006) Fiat Yamaha Team (2007, 2x 2009) Movistar Yamaha MotoGP (2x 2016) Flag_of_Italy.svg Valentino Rossi
100%
Lucky Strike Suzuki (1993) West Honda Pons (2002) Flag_of_Brazil.svg Alex Barros
67%
Repsol YPF Honda Team (1995, 1997) Repsol Honda (1998) Repsol Honda Team (2x 1999) Flag_of_Spain.svg Àlex Crivillé
67%
Fortuna Honda Pons (1996) Movistar Honda Pons (1998) Flag_of_Spain.svg Carlos Checa
67%
Yamaha Motor Company (1979, 1980, 1982) Flag_of_the_United_States_%28DDD-F-416E_specifications%29.svg Kenny Roberts
67%
Telefónica Movistar Suzuki (2x 2000) Flag_of_the_United_States_%28DDD-F-416E_specifications%29.svg Kenny Roberts Jr.
67%
Lucky Strike Suzuki (1993) Flag_of_the_United_States_%28DDD-F-416E_specifications%29.svg Kevin Schwantz
67%
Rothmans Honda Team (1991, 1992) Honda Team HRC (1994) Team Repsol Honda (1996) Repsol YPF Honda Team (1997) Repsol Honda (1998) Flag_of_Australia.svg Mick Doohan
67%
Red Bull Yamaha WCM (1999) Flag_of_France.svg Régis Laconi
67%
Telefónica Movistar Suzuki (2001) Telefónica Movistar Honda MotoGP (2004) Flag_of_Spain.svg Sete Gibernau
67%
Rothmans Team HRC (1986) Rothmans Honda Team (1987, 1990) Flag_of_Australia.svg Wayne Gardner
67%
Fortuna Honda Pons (1995) Flag_of_Spain.svg Alberto Puig
33%
MV Agusta (1954) Flag_of_the_United_Kingdom_%281-2%29.svg Dickie Dale
33%
Marlboro Team Agostini (1984) Marlboro Yamaha Team Agostini (1987, 1988) Rothmans Kanemoto Honda (1989) Flag_of_the_United_States_%28DDD-F-416E_specifications%29.svg Eddie Lawson
33%
Red Bull Yamaha WCM (2000) Flag_of_Australia.svg Garry McCoy
33%
Movistar Honda MotoGP (2005) Flag_of_Italy.svg Marco Melandri
33%
MV Agusta (1973) Flag_of_the_United_Kingdom_%281-2%29.svg Phil Read
33%
Gilera (1955) Flag_of_Ireland.svg Reg Armstrong
33%
Ducati Marlboro Team (2006) Flag_of_Australia.svg Troy Bayliss
33%
Marlboro Team Roberts (1991, 1992, 1993) Flag_of_the_United_States_%28DDD-F-416E_specifications%29.svg Wayne Rainey
33%
MV Agusta (1970) Flag_of_Italy.svg Angelo Bergamonti
0%
Yamaha (1972) Flag_of_the_United_Kingdom_%281-2%29.svg Chas Mortimer
0%
Kawasaki (1971) Flag_of_the_United_Kingdom_%281-2%29.svg Dave Simmonds
0%
Moto Guzzi (1953) Flag_of_the_United_Kingdom_%281-2%29.svg Fergus Anderson
0%
HRC-Honda (1983) Rothmans Team HRC (1985) Flag_of_the_United_States_%28DDD-F-416E_specifications%29.svg Freddie Spencer
0%
Team Lucky Strike Roberts (1988) Flag_of_Australia.svg Kevin Magee
0%
MV Agusta (1952) Flag_of_the_United_Kingdom_%281-2%29.svg Leslie Graham
0%
Marlboro Team Roberts (1994) Flag_of_Italy.svg Luca Cadalora
0%
Heron-Suzuki (1978) Flag_of_the_United_States_%28DDD-F-416E_specifications%29.svg Pat Hennen
0%
Gilera (1951) Flag_of_Italy.svg Umberto Masetti
0%
Aucun quiz correspondant
Distribution des résultats
% des personnes avec chaque résultat
Percentile par nombre de réponses
Votre historique - résultats
Vous n’avez pas pris ce quiz